000 01037 a2200205 4500
005 20080910121936.0
008 080910t xxu||||| |||| 00| 0 hin d
010 _aHIN-79434
020 _a817288233
_c50.00
035 _aHN-51780
037 _bD.B.Act / pub
082 _a808.84
100 _aतिवारी, अशोक
245 _aसामयिकःहिन्दी निबन्ध एवं पत्र लेखन
_cअशोक तिवारी
260 _aआगरा
_bसाहित्य भवन पब्लिकेशन
_cव.अ.
270 _aहाँस्पिटल रोड
_bआगरा
_k0562-2851665
_e282003
_mrsvbansal@hotmail.com
300 _a210पृ
_c22 सेमी (अजिल्द)
942 _adpl
_cHN
_k808.84 / तिवारी
_2ddc
_h808.84
_m तिवारी
999 _c2008
_d2008